000 01024cam a22003257a 4500
003 CHAP
005 20220329141044.0
008 971013s1979 r 00010 d
010 _a61969
011 _a62941
035 _a67117
040 _cCHAP
082 _a323.359
_bZ3
100 0 0 _aZandstra, Hubert.
_9123615
245 0 _aCaqueza
_b: living rural development
260 _aOttawa, Ont. :
_bThe International Development Research Centre,
_c1979
300 _a321 p.
_b: ilus.
490 0 _aIDRC-107e
590 _aBATCH-UPD
_b10
_c20130110
_lUCH01
_h0659
590 _aBATCH-UPD
_b10
_c20130110
_lUCH01
_h2339
590 _aCONVERSION
_b10
_c20130109
_lUCH01
_h1333
650 1 4 _aColombia
_xCondiciones rurales.
_925363
650 1 4 _aDesarrollo de la comunidad rural
_xColombia.
_932005
700 0 _aSwanberg, Kenneth.
_9110857
700 0 _aZulberti, Carlos.
_9124274
830 0 _aIDRC-107e
_957303
901 _aBK
942 _cLIBRO
949 _a323.359 Z3
_bBC
_cLIBRO
_d33724000630133
_eLIBRO
_h91481
_i67117
_si
999 _c61969
_d61969